Programa de mantenimiento preventivo para la Fabrica Nacional de Licores
Gespeichert in:
| 1. Verfasser: | |
|---|---|
| Format: | Buch |
| Veröffentlicht: |
San José, Costa Rica
1992
|
| Schlagworte: | |
| Tags: |
Tag hinzufügen
Keine Tags, Fügen Sie den ersten Tag hinzu!
|
MARC
| LEADER | 00000nam a2200000Ia 4500 | ||
|---|---|---|---|
| 003 | 005594 | ||
| 005 | 20221231144319.0 | ||
| 008 | 140114s1992 cr a m 000 ||s d | ||
| 040 | |c cru CEDI | ||
| 090 | |a TFG 2699 | ||
| 100 | |a Montero Rodríguez, Max |9 12210 | ||
| 245 | |a Programa de mantenimiento preventivo para la Fabrica Nacional de Licores | ||
| 260 | |c 1992 |a San José, Costa Rica | ||
| 300 | |a viii [269] hojas ; 28 cm. | ||
| 500 | |a Proyecto de graduación (licenciatura en ingeniería mecánica)--Universidad de Costa Rica. Facultad de Ingeniería. Escuela de Ingeniería Mecánica | ||
| 650 | |x FABRICA NACIONAL DE LICORES (COSTA RICA) |x MAQUINAS - MANTENIMIENTO Y REPARACION |9 12211 | ||
| 942 | |c TFG | ||
| 999 | |c 19994 |d 19994 | ||
